Букварь (Запись № 12882470)

Подробности
000 -МАРКЕР
контрольное поле 02625nam0a2200481 4500
001 - ИДЕНТИФИКАТОР ЗАПИСИ
контрольное поле RU\NLR\BIBL_A\016269820
005 - ИДЕНТИФИКАТОР ВЕРСИИ
контрольное поле 20230616113920.0
010 ## - МЕЖДУНАРОДНЫЙ СТАНДАРТНЫЙ НОМЕР КНИГИ (ISBN)
Номер (ISBN) 978-5-09-102227-8
Тираж 129
021 ## - НОМЕР ГОСУДАРСТВЕННОЙ РЕГИСТРАЦИИ
Код страны Российская Федерация
Номер КН-П-22-090527
Номер Листа государственной регистраци КН-П-22-8049
035 ## - ДРУГИЕ СИСТЕМНЫЕ НОМЕРА
Идентификатор записи (NLR Aleph) 016269820
035 ## - ДРУГИЕ СИСТЕМНЫЕ НОМЕРА
Идентификатор записи (RuMoRGB)011489495
100 ## - ДАННЫЕ ОБЩЕЙ ОБРАБОТКИ
Данные общей обработки 20230126d2022 c y0rusy50 ca
101 0# - ЯЗЫК РЕСУРСА
Язык текста, звукозаписи и т.д. русский
-- ульчский
102 ## - СТРАНА ПУБЛИКАЦИИ ИЛИ ПРОИЗВОДСТВА
Страна публикации Российская Федерация
105 ## - ПОЛЕ КОДИРОВАННЫХ ДАННЫХ: ТЕКСТОВЫЕ МАТЕРИАЛЫ, МОНОГРАФИЧЕСКИЕ
Кодированные данные о монографическом текстовом документе a z 000zy
181 #0 - ПОЛЕ КОДИРОВАННЫХ ДАННЫХ: ВИД СОДЕРЖАНИЯ
Код вида содержания (ISBD) i
Код характеристики содержания (ISBD) axxe
182 #0 - ПОЛЕ КОДИРОВАННЫХ ДАННЫХ: ТИП СРЕДСТВА
Код типа средства (ISBD) n - непосредственное
200 1# - ЗАГЛАВИЕ И СВЕДЕНИЯ ОБ ОТВЕТСТВЕННОСТИ
Основное заглавие Букварь
Сведения, относящиеся к заглавию 1 класс
-- учебное пособие на ульчском языке для общеобразовательных организаций
-- в соответствии с ФГОС
Первые сведения об ответственности К. Ф. Дечули, Л. И. Сем, В. А. Дечули
203 ## - ВИД СОДЕРЖАНИЯ И ТИП СРЕДСТВА
Вид содержания Текст
Дополнительные сведения об издании визуальный
Тип средства непосредственный
210 ## - ПУБЛИКАЦИЯ, РАСПРОСТРАНЕНИЕ И ДР.
Место издания, распространения и т.д. Москва
Имя издателя, распространителя и т. д. Просвещение
Место издания, распространения и т.д. Санкт-Петербург
Имя издателя, распространителя и т. д. Санкт-Петербургский филиал изд-ва "Просвещение"
Дата издания, распространения и т.д. 2022
215 ## - ФИЗИЧЕСКАЯ ХАРАКТЕРИСТИКА
Специфическое обозначение материала и объем 191 с.
Другие сведения о физической характеристике цв. ил.
Размеры 26
225 1# - СЕРИЯ
Основное заглавие серии Новый учебник Дальнего Востока
225 1# - СЕРИЯ
Основное заглавие серии ФГОС
300 ## - ОБЩИЕ ПРИМЕЧАНИЯ
Текст примечания Загл. обл. и корешка: Нāн'и хэсэни букварь
300 ## - ОБЩИЕ ПРИМЕЧАНИЯ
Текст примечания Текст ульч., рус.
330 ## - РЕЗЮМЕ ИЛИ РЕФЕРАТ
Текст примечания Букварь открывает линию УМК по обучению ульчского языку как родному в начальной школе. Методика построена на принципах функциональности и коммуникативности. Учебное пособие даёт возможность формирования универсальных учебных действий и достижения планируемых результатов в соответствии с ФГОС
333 ## - ПРИМЕЧАНИЯ ОБ ОСОБЕННОСТЯХ РАСПРОСТРАНЕНИЯ И ИСПОЛЬЗОВАНИЯ
Текст примечания 6+
512 1# - ЗАГЛАВИЕ ОБЛОЖКИ
Заглавие обложки Нāн'и хэсэни букварь
606 1# - НАИМЕНОВАНИЕ ТЕМЫ КАК ПРЕДМЕТ
Наименование темы Ульчский язык
Формальный подзаголовок Буквари
Код системы nlr_sh2
Идентификатор авторитетной/нормативной записи RU\NLR\AUTH\661122717
675 ## - УНИВЕРСАЛЬНАЯ ДЕСЯТИЧНАЯ КЛАССИФИКАЦИЯ (UDC/УДК)
Индекс 373.167.1:811.512.221.5
Издание 4
675 ## - УНИВЕРСАЛЬНАЯ ДЕСЯТИЧНАЯ КЛАССИФИКАЦИЯ (UDC/УДК)
Индекс 811.512.221.5(075.2)
Издание 4
686 3# - ИНДЕКСЫ ДРУГИХ КЛАССИФИКАЦИЙ
Индекс Ш165.24-922.1[1] Б
700 #1 - ИМЯ ЛИЦА - ПЕРВИЧНАЯ ОТВЕТСТВЕННОСТЬ
Начальный элемент ввода Дечули
Часть имени, кроме начального элемента ввода К. Ф.
Расширение инициалов личного имени Клавдия Федоровна
Код отношения Автор
701 #1 - ИМЯ ЛИЦА - АЛЬТЕРНАТИВНАЯ ОТВЕТСТВЕННОСТЬ
Начальный элемент ввода Сем
Часть имени, кроме начального элемента ввода Л. И.
Расширение инициалов личного имени Лидия Ивановна
Код отношения Автор
701 #1 - ИМЯ ЛИЦА - АЛЬТЕРНАТИВНАЯ ОТВЕТСТВЕННОСТЬ
Начальный элемент ввода Дечули
Часть имени, кроме начального элемента ввода В. А.
Расширение инициалов личного имени Вера Александровна
Код отношения Автор
852 ## - МЕСТОНАХОЖДЕНИЕ И ШИФР ХРАНЕНИЯ
Идентификатор организации NLR
Наименование фонда или коллекции (Sub-Location Identifier) ОНЛ
Шифр хранения (Call Number) Ульч./4-4
942 ## - ДОПОЛНИТЕЛЬНЫЕ ЭЛЕМЕНТЫ ЗАПИСИ (АБИС)
Тип экземпляра АБИС Книга
980 ## - КОЛЛЕКЦИЯ
Название коллекции Запрос на оцифровку
980 ## - КОЛЛЕКЦИЯ
Название коллекции Национальная библиография
Экземпляры
Тип экземпляра Дата поступления Источник поступления Библиотека постоянного хранения Библиотека текущего хранения Место хранения Шифр хранения Штрих-код Статус экземпляра
Книга 26.01.2023 Обязательный экземпляр РНБ (Московский) РНБ (Московский) Фонд национальных литератур ОНЛ Ульч./4-4 1-4157744